1625 1713 1730 1893 1467 1211 1154 1311 1015 1149 1701 1658 1102 1112 1918 1822 1807 1987 1904 1814 1128 1883 1963 1568 1593 1702 1863 1715 1421 1338 1310 1883 1696 1653 1748 1971 1492 1158 1047 1433 1444 1935 1494 1271 1477 1254 1771 1904 1006 1065 1023 1631 1890 1971 1516 1577 1537 1267 1161 1946 1148 1425 1338 1385 1885 1098 1486 1423 1519 1312 1797 1996 1401 1364 1802 1201 1510 1869 1955 1192 1704 1747 1020 1565 1564 1575 1767 1694 1833 1731 1368 1585 1559 1727 1707 1354 1210 1600 1271 BCNSPRNW ULIB Ver.6.0+V

เปลี่ยนเป็นภาษาไทย

Change to English
 แสดงรายละเอียดบรรณานุกรม
  กลับหน้าหลัก

Brief Record : Get Marc (ISO 2709) : E-mail record : QR code < ปิดหน้าต่าง
LEADER : 00000nam 2200000uu 4500
001    13399112337
003     ULIB
008    110627s2550||||th 000 0 tha d
020    9789744723628
090    นว.^bร942ฮ ล.1 2550
100 0  โรว์ลิ่ง, เจ.เค.
245 00 แฮร์รี่ พอตเตอร์ กับศิลาอาถรรพ์ เล่ม 1/^cโรว์ลิ่ง, เจ.เค.
250    พิมพ์ครั้งที่ 7
260    กรุงเทพฯ :^bนานมีบุ๊คส์,^c2550
300    373 หน้า
710 1  นานมีบุ๊คส์
945    ^p195^l0^i021002
995    ทศพร
999 ^a ใช้งานได้ทุกระบบ
รายการนี้ยังไม่มีแท็ก
คุณยังไม่ได้ล็อกอิน คุณสามารถมีกิจกรรมร่วมกับเว็บไซต์ได้ แต่ต้องล็อกอินก่อน ::
  ล็อกอิน

รายการสื่อสารสนเทศ

ลำดับที่ ประเภท เลขเรียก/บาร์โค้ด สถานที่ สถานะ
- ไม่พบข้อมูล -

รายการใกล้เคียง
    ผู้แต่ง [โรว์ลิ่ง, เจ.เค.]

BibComment


ยังไม่เคยถูกคอมเมนท์

คอมเมนท์ทรัพยากรรายการนี้
  คอมเมนท์: แฮร์รี่ พอตเตอร์ ..


 Copyright 2026. Bcnsprnw @Library